| 000 | 00397nam a2200169Ia 4500 | ||
|---|---|---|---|
| 005 | 20240722062245.0 | ||
| 008 | 240331s9999 xx 000 0 und d | ||
| 020 | _a0415128978 | ||
| 082 |
_a212 _bFIR |
||
| 100 | _aFirth, R | ||
| 245 | 0 |
_aReligion : _ba humanist interpretation |
|
| 260 |
_aLondon _bRoutledge _c1996 |
||
| 300 | _a243 p ., | ||
| 650 | _aReligion | ||
| 650 | _aPolitics | ||
| 942 | _cL | ||
| 999 |
_c823 _d823 |
||